header

Diarrhoea and constipation in geriatric practice (Record no. 174434)

MARC details
000 -LEADER
fixed length control field 01224nam a2200301 a 4500
082 04 - DEWEY DECIMAL CLASSIFICATION NUMBER
Classification number 618.97/63427
245 00 - TITLE STATEMENT
Title Diarrhoea and constipation in geriatric practice
260 ## - PUBLICATION, DISTRIBUTION, ETC. (IMPRINT)
Place of publication Cambridge ;
-- New York :
Name of publisher Cambridge University Press,
Year of publication 1999.
300 ## - PHYSICAL DESCRIPTION
Number of Pages xiii, 236 p. :
Other physical details ill.
650 #0 - SUBJECT ADDED ENTRY--TOPICAL TERM
Topical Term Diarrhea in old age.
Topical Term Constipation in old age.
700 1# - ADDED ENTRY--PERSONAL NAME
Personal name Ratnaike, Ranjit N.
856 40 - ELECTRONIC LOCATION AND ACCESS
Uniform Resource Identifier http://site.ebrary.com/lib/rucke/Doc?id=10040866

No items available.

© 2026 Rongo University
Contact us: librarian | system librarian | Rongo university